| 000 | 00515 a2200157 4500 | ||
|---|---|---|---|
| 005 | 20250501095519.0 | ||
| 020 | _a978-007713239-2 | ||
| 082 | _a658. 155 WOU | ||
| 100 | _aWOUTERS, M. | ||
| 245 | _aCost Management Strategies for Business Decisions | ||
| 260 |
_aNew York, _bMcGraw-Hill, _c2012. |
||
| 300 |
_axxx, 865p.: ill.; graph, table. _bGlossary, index. _c28cm. |
||
| 700 | _aSELTO, F. H, HILTON, R. W. & MAHER, M. W. | ||
| 856 |
_yAccess online book _fCost Management _dwww.mcgraw-hill.co.uk |
||
| 942 |
_2ddc _cBKS |
||
| 999 |
_c1882 _d1882 |
||